000 00455nam a2200169Ia 4500
008 230711s9999||||xx |||||||||||||| ||und||
020 _a978-93-392-0543-0
041 _aENG
082 _a621.37
_bKH-H
100 _aKhandpur,R.S
245 0 _aHandbook of biomedical instrumentation
250 _a3rd Ed.
260 _c2014
_aNew Delhi
_bMcGraw Hill Education(India) Private Limited
300 _a959p.
650 _aElectrical Engineering
942 _cBK
999 _c5974
_d5974